<?xml version="1.0" encoding="UTF-8"?>
<record
    xmlns:xsi="http://www.w3.org/2001/XMLSchema-instance"
    xsi:schemaLocation="http://www.loc.gov/MARC21/slim http://www.loc.gov/standards/marcxml/schema/MARC21slim.xsd"
    xmlns="http://www.loc.gov/MARC21/slim">

  <leader>00874nam a22001457a 4500</leader>
  <datafield tag="999" ind1=" " ind2=" ">
    <subfield code="c">524439</subfield>
    <subfield code="d">524439</subfield>
  </datafield>
  <controlfield tag="008">231117b           ||||| |||| 00| 0 eng d</controlfield>
  <datafield tag="100" ind1=" " ind2=" ">
    <subfield code="a">Sarma, Abhishrut </subfield>
    <subfield code="9">46116</subfield>
  </datafield>
  <datafield tag="245" ind1=" " ind2=" ">
    <subfield code="a">Culture, consumption, and consecration: The Mithun in Arunachal  Pradesh </subfield>
  </datafield>
  <datafield tag="260" ind1=" " ind2=" ">
    <subfield code="a">Social Action </subfield>
  </datafield>
  <datafield tag="300" ind1=" " ind2=" ">
    <subfield code="a">73(4), Oct-Dec, 2023: p.432-445</subfield>
  </datafield>
  <datafield tag="520" ind1=" " ind2=" ">
    <subfield code="a">This paper discusses the ways in which on endemic animal species of the Eastern Himalayas known as the Mithun (bos frontals) is entangled with the everyday practices of the local communities of the region. The assay is based on fieldwork in the state of Arunachal Pradesh  in the Northeast of India. The aim is to outline the themes of culture, consumption and conservations that become intrinsic to our discussion of the semi-domesticated bovine. &#x2013; Reproduced </subfield>
  </datafield>
  <datafield tag="773" ind1=" " ind2=" ">
    <subfield code="a">Social Action </subfield>
  </datafield>
  <datafield tag="906" ind1=" " ind2=" ">
    <subfield code="a">CULTURE</subfield>
  </datafield>
  <datafield tag="942" ind1=" " ind2=" ">
    <subfield code="c">AR</subfield>
  </datafield>
  <datafield tag="952" ind1=" " ind2=" ">
    <subfield code="0">0</subfield>
    <subfield code="1">0</subfield>
    <subfield code="2">ddc</subfield>
    <subfield code="4">0</subfield>
    <subfield code="7">0</subfield>
    <subfield code="9">399494</subfield>
    <subfield code="a">IIPA</subfield>
    <subfield code="b">IIPA</subfield>
    <subfield code="d">2023-11-17</subfield>
    <subfield code="h">73(4), Oct-Dec, 2023: p.432-445</subfield>
    <subfield code="p">AR130319</subfield>
    <subfield code="r">2023-11-17</subfield>
    <subfield code="y">AR</subfield>
  </datafield>
</record>
